Guessing Musicians - Pop - Statistics

General Stats
  • This quiz has been taken 144 times
  • The average score is 4 of 16
Answer Stats
Picture Answer % Correct
Pink
85%
One Direction
48%
The Monkees
43%
Bruno Mars
40%
Beach Boys
38%
Five
34%
Texas
25%
Madonna
24%
Steps
21%
Falco
16%
T.A.T.u.
9%
Aqua
7%
Village People
6%
Ariana Grande
3%
Madison Beer
2%
Milli Vanilli
1%
No matching quizzes found
Score Distribution
Percent of People with Each Score
Percentile by Number Answered
Your Score History
You have not taken this quiz